Catálogo
 En Linea

Instrumental para el estudio de la economía dominicana : (Registro nro. 50434)

Detalles MARC
000 -CABECERA
campo de control de longitud fija 01790nam a22002537a 4500
003 - IDENTIFICADOR DEL NÚMERO DE CONTROL
campo de control DO-SdBNP
005 - FECHA Y HORA DE LA ÚLTIMA TRANSACCIÓN
campo de control 20240228141319.0
007 - CAMPO FIJO DE DESCRIPCIÓN FÍSICA--INFORMACIÓN GENERAL
campo de control de longitud fija ta
008 - DATOS DE LONGITUD FIJA--INFORMACIÓN GENERAL
campo de control de longitud fija 210907b1997 ||||| |||| 00| 0 spa d
020 ## - NÚMERO INTERNACIONAL ESTÁNDAR DEL LIBRO
Número Internacional Estándar del Libro 9768156570
040 ## - FUENTE DE LA CATALOGACIÓN
Centro catalogador/agencia de origen DO-SdBNP
Lengua de catalogación spa
Centro/agencia transcriptor BNPHU
082 #4 - NÚMERO DE LA CLASIFICACIÓN DECIMAL DEWEY
Número de clasificación 330.97293
Número de documento/Ítem M378i
100 1# - ENTRADA PRINCIPAL--NOMBRE DE PERSONA
Nombre de persona Martí Gutiérrez, Adolfo,
Fechas asociadas al nombre 1963-
9 (RLIN) 79777
245 10 - MENCIÓN DE TÍTULO
Título Instrumental para el estudio de la economía dominicana :
Resto del título base de datos 1947-1995 /
Mención de responsabilidad, etc. Adolfo Martí Gutiérrez
260 ## - PUBLICACIÓN, DISTRIBUCIÓN, ETC.
Lugar de publicación, distribución, etc. Santo Domingo :
Nombre del editor, distribuidor, etc. Búho,
Fecha de publicación, distribución, etc. 1997
300 ## - DESCRIPCIÓN FÍSICA
Extensión 392p. :
Otras características físicas il.; cuadros, grafcs. ;
Dimensiones 23 cm
500 ## - NOTA GENERAL
Nota general Incluye referencias bibliográficas y notas al pie de las páginas
504 ## - NOTA DE BIBLIOGRAFÍA, ETC.
Nota de bibliografía, etc. Bibliografía : p. 387-392
505 ## - NOTA DE CONTENIDO CON FORMATO
Nota de contenido con formato Introducción 1|Instrumental económico aplicable a la actividad económica 29|Instrumental económico aplicable al sector agropecuario 71|Instrumental económico aplicable al sector industrial 97|Instrumental económico aplicable al sector monetario 123|Instrumental económico aplicable a la programación monetaira y financiera 167|Instrumental económico aplicable a los bancos comerciales 183|Instrumental económico aplicable al sistema bancario 197|Instrumental económico aplicable al sector fiscal 209|Instrumental económico aplicable al resultado presupuestario 245|Instrumental económico aplicable al sector externo 271|Instrumental económico aplicable a la deuda externa 303|Instrumental económico aplicable al nivel de precios 319|Instrumental económico aplicable al mercado cambiario 349|Instrumental económico aplicable al gasto social 367
590 ## - NOTA LOCAL (RLIN)
Nota local Inventariado, 2021 / DG
651 #4 - PUNTO DE ACCESO ADICIONAL DE MATERIA--NOMBRE GEOGRÁFICO
Nombre geográfico República Dominicana
Subdivisión general Condiciones económicas
-- Estadísticas
Subdivisión de forma Bases de datos
Subdivisión cronológica 1947-1995
9 (RLIN) 79786
910 ## - DATOS DE OPCIÓN DEL USUARIO (OCLC)
Datos de opción del usuario D/G/Validado. Control de calidad MFF
942 ## - ELEMENTOS DE PUNTO DE ACCESO ADICIONAL (KOHA)
Fuente del sistema de clasificación o colocación Dewey Decimal Classification
Tipo de ítem Koha Libro
Existencias
Estado de retiro Estado de pérdida Fuente del sistema de clasificación o colocación Restricciones de uso No para préstamo Código de colección Localización permanente Ubicación/localización actual Ubicación en estantería Fecha de adquisición Total de préstamos Signatura topográfica completa Código de barras Fecha visto por última vez Precio válido a partir de Tipo de ítem Koha Número de copia
    Dewey Decimal Classification Préstamo en sala   Monografías: Libros y Folletos Biblioteca Nacional Pedro Henríquez Ureña Dominicana Depósito 07.09.2021   BNPHU DS 330.97293 M378i 2021-26174 07.09.2021 07.09.2021 Libro e.3
    Dewey Decimal Classification Préstamo en sala   Monografías: Libros y Folletos Biblioteca Nacional Pedro Henríquez Ureña Dominicana Depósito 07.09.2021   BNPHU DS 330.97293 M378i 2021-26175 07.09.2021 07.09.2021 Libro e.4
    Dewey Decimal Classification Préstamo en sala   Monografías: Libros y Folletos Biblioteca Nacional Pedro Henríquez Ureña Dominicana Depósito 07.09.2021   BNPHU DS 330.97293 M378i 2021-26178 07.09.2021 07.09.2021 Libro e.5
    Dewey Decimal Classification Excluido de préstamo   Monografías: Libros y Folletos Biblioteca Nacional Pedro Henríquez Ureña Patrimonio Dominicano Depósito 07.09.2021   BNPHU PD 330.97293 M378i 2021-26172 07.09.2021 07.09.2021 Libro  
    Dewey Decimal Classification Excluido de préstamo   Monografías: Libros y Folletos Biblioteca Nacional Pedro Henríquez Ureña Patrimonio Dominicano Depósito 07.09.2021   BNPHU PD 330.97293 M378i 2021-26173 07.09.2021 07.09.2021 Libro e.2

Con tecnología Koha